|
|
|
|
| LEADER |
00000cam a2200000 7i4500 |
| 001 |
0000278596 |
| 005 |
20200917164504.0 |
| 020 |
|
|
|a 9781491422847
|
| 090 |
0 |
0 |
|a 621
|b ENZ
|
| 100 |
1 |
|
|a Enz, Tammy
|
| 245 |
1 |
0 |
|a Super cool mechanical activities with Max Axiom
|c by Tammy Enz
|
| 260 |
|
|
|a North Mankato, Minnesota :
|b Capstone Press ,
|c 2015
|
| 300 |
|
|
|a 32p. :
|b ill. ;
|c 23cm.
|
| 490 |
0 |
|
|a Graphic library. Max Axiom science and engineering activities
|
| 650 |
|
0 |
|a Graphic novels
|
| 650 |
|
0 |
|a Machinery
|v Comic books, strips, etc
|
| 650 |
|
0 |
|a Mechanical engineering
|v Juvenile literature
|
| 999 |
|
|
|a 00377555
|b BUKU
|c JUNIOR BOOKS
|e PERPUSTAKAAN KOMUNITI PETALING JAYA
|